LDR 00953nam a2200229 4500 001 000000367125 003 CaOOAMICUS 005 20260408092334.0 008 260408s2013 it 000 u ita r 020 $a978-1-59784-766-7 040 $aSeMil$bita 100 1 $aGülen, M. Fethullah,$d<1941- >.$0(OLS)http://semarc/name/124049 245 13$aLa parola ed il potere dell'espressione :$blinguaggio, estetica e fede /$cM. Fethullah Gülen. 264 1$aNew Jersey :$bTughra Books,$c2013. 300 $aXVI, 135 p. ;$c23 cm 850 $aSeMil 852 $aSeMil$W1$xVenegono$y1$B257851$CSeMilBibl$Z2$F257851 $81 961 $aOmaggio mons. Mario Delpini 996 $6020$a978-1-59784-766-7$9(OLS)http://semarc/number/305618 996 $6245$aLa parola ed il potere dell'espressione :$blinguaggio, estetica e fede$9(OLS)http://semarc/title/458983 996 $6264$aNew Jersey :$bTughra Books$9(OLS)http://semarc/publisher/62970